000
00297nam a2200109Ia 4500
008
200302s9999 xx 000 0 und d
100
_a
Joseph De Chiara & Others
245
_a
Time saver standards Building type
260
_b
Mcgraw- hill International Book co.,
260
_c
1980
300
_a
1277 P.,
999
_c
121
_d
121